आरक्षण क्यों (Record no. 2006)
[ view plain ]
| 000 -LEADER | |
|---|---|
| fixed length control field | 01138 a2200217 4500 |
| 005 - DATE AND TIME OF LATEST TRANSACTION | |
| control field | 20080910121846.0 |
| 008 - FIXED-LENGTH DATA ELEMENTS--GENERAL INFORMATION | |
| fixed length control field | 080910t xxu||||| |||| 00| 0 hin d |
| 010 ## - LIBRARY OF CONGRESS CONTROL NUMBER | |
| LC control number | HIN-79433 |
| 020 ## - INTERNATIONAL STANDARD BOOK NUMBER | |
| International Standard Book Number | 817711137x |
| Terms of availability | 400.00 |
| 035 ## - SYSTEM CONTROL NUMBER | |
| System control number | HN-51779 |
| 037 ## - SOURCE OF ACQUISITION | |
| Source of stock number/acquisition | D.B.Act / pub |
| 082 ## - DEWEY DECIMAL CLASSIFICATION NUMBER | |
| Classification number | 305.56 |
| 100 ## - MAIN ENTRY--PERSONAL NAME | |
| Personal name | सागर, धर्म सिंह |
| 245 ## - TITLE STATEMENT | |
| Title | आरक्षण क्यों |
| Remainder of title | (विधि, सामाजिक परिवर्तन एवं सकारात्मक कार्यक्रम) |
| Statement of responsibility, etc | धर्म सिंह सागर |
| 246 ## - VARYING FORM OF TITLE | |
| Title proper/short title | Arakshan kyon |
| Remainder of title | by Dharam Singh |
| 260 ## - PUBLICATION, DISTRIBUTION, ETC. (IMPRINT) | |
| Place of publication, distribution, etc | जयपुर |
| Name of publisher, distributor, etc | साहित्यागार |
| Date of publication, distribution, etc | 2007 |
| 270 ## - ADDRESS | |
| Address | धामाणी मार्केट की गली,चौड़ा रास्ता |
| City | जयपुर |
| Telephone number | 2322382 |
| 300 ## - PHYSICAL DESCRIPTION | |
| Extent | 247पृ |
| Dimensions | 22 सेमी (सजिल्द) |
| 942 ## - ADDED ENTRY ELEMENTS (KOHA) | |
| Institution code [OBSOLETE] | dpl |
| Koha item type | Hindi Books |
| Call number prefix | 305.56/सागर |
| Source of classification or shelving scheme | Dewey Decimal Classification |
| Classification part | 305.56 |
| Call number suffix | सागर |
| Withdrawn status | Lost status | Damaged status | Not for loan | Home library | Current library | Date acquired | Cost, normal purchase price | Total Checkouts | Full call number | Barcode | Date last seen | Copy number | Uniform Resource Identifier | Cost, replacement price | Price effective from | Koha item type |
|---|---|---|---|---|---|---|---|---|---|---|---|---|---|---|---|---|
| D.B.Act.Division | D.B.Act.Division | 10/09/2008 | 400.00 | 305.56 सागर | HN-51779 | 15/09/2008 | 1 | 2120 | 400.00 | 15/09/2008 | Hindi Books |
